00677nam a2200193 i 4500003000900000005001700009007000300026008004100029020002000070040003000090082001900120100004100139245013400180264005300314300002700367336002800394337003300422338002800455DO-SdBNP20250206120154.0ta240403e2009 sp ac||| |||| 00| 1 spa d a139780761847144 aDO-SdBNPbspacBNPHUerda 4axxxbA473t2221 aÀlvarez-López, Luiseautor4aut.1 aThe dominican republic and the beginning of a revolutionary cycle in the spanish caribbean :b1861-1898 /cLuis Àlvarez-López 1aNew York :bUniversity Press of America ,c2009. a102 páginas ;c24 cm atexto btxt2rdacontent asin mediciónbn2rdamedia avolumenbnc2rdacarrier